| 000 | 00607nam a2200193 i 4500 | ||
|---|---|---|---|
| 001 | 57428 | ||
| 003 | ES-MaACL | ||
| 005 | 20230906163557.0 | ||
| 007 | t| | ||
| 008 | 031016s1967 sp ||||1| spa d | ||
| 100 | 1 |
_aDorfles, Gillo. _945398 |
|
| 245 | 1 | 3 |
_aLa arquitectura moderna / _cGillo Dorfles ; revisión y apéndice por Oriol Bohigas ; [traducción Oriol Martorell]. |
| 250 | _a[2ª ed.]. | ||
| 260 |
_aBarcelona : _bSeix Barral, _c1967. |
||
| 300 |
_a165 p. : _bil. ; _c18 cm. |
||
| 700 | 1 |
_aBohigas, Oriol. _929819 |
|
| 700 | 1 |
_aMartorell, Oriol. _978538 |
|
| 852 |
_aES-MaACL _jC-31990 _bR.62254 |
||
| 999 |
_c57428 _d57428 |
||